Актуальные проблемы финансов, бухгалтерского учета, анализа и аудита (Запись № 10597665)

Подробности
000 -МАРКЕР
контрольное поле 02463nam0a2200445 i 4500
001 - ИДЕНТИФИКАТОР ЗАПИСИ
контрольное поле RU\NLR\BIBL_A\010301887
005 - ИДЕНТИФИКАТОР ВЕРСИИ
контрольное поле 20260409065957.0
010 ## - МЕЖДУНАРОДНЫЙ СТАНДАРТНЫЙ НОМЕР КНИГИ (ISBN)
Номер (ISBN) 9785444602331
Тираж 1000
021 ## - НОМЕР ГОСУДАРСТВЕННОЙ РЕГИСТРАЦИИ
Код страны Российская Федерация
Номер 2014-4644
Номер Листа государственной регистраци 285
035 ## - ДРУГИЕ СИСТЕМНЫЕ НОМЕРА
Идентификатор записи (NILC)RuMoRGB-006733782
035 ## - ДРУГИЕ СИСТЕМНЫЕ НОМЕРА
Идентификатор записи (NLR Aleph) 010301887
100 ## - ДАННЫЕ ОБЩЕЙ ОБРАБОТКИ
Данные общей обработки 20140403d2013 k y0rusy50 ca
101 0# - ЯЗЫК РЕСУРСА
Язык текста, звукозаписи и т.д. русский
102 ## - СТРАНА ПУБЛИКАЦИИ ИЛИ ПРОИЗВОДСТВА
Страна публикации Российская Федерация
105 ## - ПОЛЕ КОДИРОВАННЫХ ДАННЫХ: ТЕКСТОВЫЕ МАТЕРИАЛЫ, МОНОГРАФИЧЕСКИЕ
Кодированные данные о монографическом текстовом документе ac z 000yy
200 1# - ЗАГЛАВИЕ И СВЕДЕНИЯ ОБ ОТВЕТСТВЕННОСТИ
Основное заглавие Актуальные проблемы финансов, бухгалтерского учета, анализа и аудита
Сведения, относящиеся к заглавию коллективная монография
Первые сведения об ответственности [Санталова М.С., д.э.н., проф., Федосова С.П., д.э.н., проф., Морковина С.С., д.э.н., проф. и др.
Последующие сведения об ответственности гл. ред.: д.э.н., проф. М.С. Санталова
-- Российский гос. торгово-экономический ун-т, Воронежский фил., Российский экономический ун-т им. Г. В. Плеханова, Воронежский фил.]
210 ## - ПУБЛИКАЦИЯ, РАСПРОСТРАНЕНИЕ И ДР.
Место издания, распространения и т.д. Воронеж
Имя издателя, распространителя и т. д. Научная книга
Дата издания, распространения и т.д. 2013
215 ## - ФИЗИЧЕСКАЯ ХАРАКТЕРИСТИКА
Специфическое обозначение материала и объем 131 с.
Другие сведения о физической характеристике ил., портр.
Размеры 21
300 ## - ОБЩИЕ ПРИМЕЧАНИЯ
Текст примечания Авт. указаны на 129-131-й с.
320 ## - ПРИМЕЧАНИЯ О НАЛИЧИИ В ДОКУМЕНТЕ БИБЛИОГРАФИИ / УКАЗАТЕЛЯ
Текст примечания Библиогр. в конце параграфов
606 ## - НАИМЕНОВАНИЕ ТЕМЫ КАК ПРЕДМЕТ
Наименование темы Финансы
Идентификатор авторитетной/нормативной записи RU\NLR\AUTH\66113465
Системный номер авторитетной/нормативной записи 1099997
606 ## - НАИМЕНОВАНИЕ ТЕМЫ КАК ПРЕДМЕТ
Наименование темы Бухгалтерский учет
Системный номер авторитетной/нормативной записи 1050112
Идентификатор авторитетной/нормативной записи RU\NLR\AUTH\6687700
606 ## - НАИМЕНОВАНИЕ ТЕМЫ КАК ПРЕДМЕТ
Наименование темы Аудит
Системный номер авторитетной/нормативной записи 1050110
Идентификатор авторитетной/нормативной записи RU\NLR\AUTH\6687699
610 0# - НЕКОНТРОЛИРУЕМЫЕ ПРЕДМЕТНЫЕ ТЕРМИНЫ
Предметный термин аналитическая работа в организациях
610 0# - НЕКОНТРОЛИРУЕМЫЕ ПРЕДМЕТНЫЕ ТЕРМИНЫ
Предметный термин экономические отношения
686 1# - ИНДЕКСЫ ДРУГИХ КЛАССИФИКАЦИЙ
Индекс У26(0)
686 1# - ИНДЕКСЫ ДРУГИХ КЛАССИФИКАЦИЙ
Индекс У052.9(2)2
686 1# - ИНДЕКСЫ ДРУГИХ КЛАССИФИКАЦИЙ
Индекс У052.02-218
701 #1 - ИМЯ ЛИЦА - АЛЬТЕРНАТИВНАЯ ОТВЕТСТВЕННОСТЬ
Код отношения Автор
-- Редактор
Начальный элемент ввода Санталова
Часть имени, кроме начального элемента ввода М. С.
Расширение инициалов личного имени Марианна Сергеевна
Системный номер авторитетной/нормативной записи 128783
Идентификатор авторитетной/нормативной записи RU\NLR\AUTH\770128814
701 #1 - ИМЯ ЛИЦА - АЛЬТЕРНАТИВНАЯ ОТВЕТСТВЕННОСТЬ
Начальный элемент ввода Федосова
Часть имени, кроме начального элемента ввода С. П.
Дополнения к именам, кроме дат д-р экон. наук
Расширение инициалов личного имени Светлана Павловна
Системный номер авторитетной/нормативной записи 142595
Идентификатор авторитетной/нормативной записи RU\NLR\AUTH\770142631
701 #1 - ИМЯ ЛИЦА - АЛЬТЕРНАТИВНАЯ ОТВЕТСТВЕННОСТЬ
Начальный элемент ввода Морковина
Часть имени, кроме начального элемента ввода С. С.
Расширение инициалов личного имени Светлана Сергеевна
712 02 - НАИМЕНОВАНИЕ ОРГАНИЗАЦИИ - ВТОРИЧНАЯ ОТВЕТСТВЕННОСТЬ
Код отношения Прочие
Начальный элемент ввода Российский государственный торгово-экономический университет
Структурное подразделение Воронежский филиал
Идентификатор авторитетной/нормативной записи RU\NLR\AUTH\8810058654
Системный номер авторитетной/нормативной записи 618535
801 #0 - ИСТОЧНИК ЗАПИСИ
Страна Российская Федерация
Организация РГБ
Дата составления 20140206
Правила каталогизации RCR
801 #1 - ИСТОЧНИК ЗАПИСИ
Страна Российская Федерация
Организация РГБ
Дата составления 20140206
Источник данных rusmarc
942 ## - ДОПОЛНИТЕЛЬНЫЕ ЭЛЕМЕНТЫ ЗАПИСИ (АБИС)
Тип экземпляра АБИС Книга
980 ## - КОЛЛЕКЦИЯ
Название коллекции НБР

Нет доступных экземпляров.